A student's guide to writing and study skills (Record no. 14056)
[ view plain ]
| 000 -LEADER | |
|---|---|
| fixed length control field | 00510nam a22001817a 4500 |
| 003 - CONTROL NUMBER IDENTIFIER | |
| control field | OSt |
| 005 - DATE AND TIME OF LATEST TRANSACTION | |
| control field | 20230804102047.0 |
| 008 - FIXED-LENGTH DATA ELEMENTS--GENERAL INFORMATION | |
| fixed length control field | 230323b |||||||| |||| 00| 0 eng d |
| 020 ## - INTERNATIONAL STANDARD BOOK NUMBER | |
| International Standard Book Number | 999846088 |
| 040 ## - CATALOGING SOURCE | |
| Transcribing agency | Chuka University Library |
| 050 ## - LIBRARY OF CONGRESS CALL NUMBER | |
| Classification number | LB 1049 |
| Item number | .O39 1990 |
| 100 ## - MAIN ENTRY--PERSONAL NAME | |
| Personal name | Okombo, Okoth |
| 9 (RLIN) | 9302 |
| 245 ## - TITLE STATEMENT | |
| Title | A student's guide to writing and study skills |
| 260 ## - PUBLICATION, DISTRIBUTION, ETC. | |
| Place of publication, distribution, etc. | Nairobi |
| Name of publisher, distributor, etc. | Nairobi University Press |
| Date of publication, distribution, etc. | 1990 |
| 300 ## - PHYSICAL DESCRIPTION | |
| Extent | 116p. |
| 650 ## - SUBJECT ADDED ENTRY--TOPICAL TERM | |
| Topical term or geographic name entry element | Writing and study skills |
| 9 (RLIN) | 8423 |
| 942 ## - ADDED ENTRY ELEMENTS (KOHA) | |
| Source of classification or shelving scheme | Library of Congress Classification |
| Koha item type | Long Loan Books |
| Suppress in OPAC | No |
| Withdrawn status | Lost status | Source of classification or shelving scheme | Damaged status | Not for loan | Collection | Home library | Current library | Shelving location | Date acquired | Total Checkouts | Full call number | Barcode | Date last seen | Copy number | Price effective from | Koha item type |
|---|---|---|---|---|---|---|---|---|---|---|---|---|---|---|---|---|
| Library of Congress Classification | General Collection Books | Embu Campus Library | Embu Campus Library | General Stacks | 02/04/2025 | LB 1049 .O39 1990 | 906/2006 | 07/08/2023 | 3 | 07/08/2023 | Long Loan Books | |||||
| Library of Congress Classification | General Collection Books | Main Campus Library | Main Campus Library | Law Library | 23/03/2023 | LB 1049 .O39 1990 | 20688/2020 | 23/03/2023 | 11 | 23/03/2023 | Long Loan Books | |||||
| Library of Congress Classification | General Collection Books | Main Campus Library | Main Campus Library | Law Library | 23/03/2023 | LB 1049 .O39 1990 | 20689/2020 | 23/03/2023 | 10 | 23/03/2023 | Long Loan Books | |||||
| Library of Congress Classification | General Collection Books | Main Campus Library | Main Campus Library | General Stacks | 04/08/2023 | LB 1049 .O39 1990 | 2327/2007 | 04/08/2023 | 2 | 04/08/2023 | Long Loan Books | |||||
| Library of Congress Classification | General Collection Books | Main Campus Library | Main Campus Library | General Stacks | 04/08/2023 | LB 1049 .O39 1990 | 648/2006 | 04/08/2023 | 1 | 04/08/2023 | Long Loan Books | |||||
| Library of Congress Classification | General Collection Books | Main Campus Library | Main Campus Library | General Stacks | 04/08/2023 | LB 1049 .O39 1990 | 102/2006 | 04/08/2023 | 9 | 04/08/2023 | Long Loan Books | |||||
| Library of Congress Classification | General Collection Books | Main Campus Library | Main Campus Library | General Stacks | 04/08/2023 | LB 1049 .O39 1990 | 905/2006 | 04/08/2023 | 4 | 04/08/2023 | Long Loan Books |
